000 00773nam a2200241Ia 4500
003 OSt
005 20220918203424.0
006 a|||||r|||| 00| 0
007 ta
008 220917b |||||||| |||| 00| 0 eng d
024 _a108,185
037 _cTextual
040 _aARTS
_cARTS
_beng
041 _2eng
_aeng
082 _aV4313:1:N5, K6
100 _aPike Douglas
_9108496
245 0 _aViet Cong
_b The orgnaisation and techniques of the Natinal Liberation front of South Vietnam
260 _aNA
_bNA
_c1966
490 _aMassachusetts Institute of Technology Centre for international studies , Studies in International communism; 7
650 _aHISTORY
942 _hV4313:1:N5, K6
_cTEXL
_2CC
999 _c231539
_d231539